| 000 | 00881cab a22002175a 4500 | ||
|---|---|---|---|
| 001 | L155464 | ||
| 008 | 120326e2012 xxk 000 0 eng d | ||
| 035 | _a(Sirsi) u155464 | ||
| 041 | 0 | _aeng | |
| 100 | 1 | _aGreen, Andrew | |
| 245 | 0 | 0 |
_aCPD module _bfacilities management and sustainability |
| 260 | _c2012 | ||
| 490 | 0 |
_aProperty Week _v Property Week _v 78(11) 16 Match 2012, 79-82(4) |
|
| 520 | _aSecond in the series of new CPD modules created by the College of Estate Management (see L155503 for the first) covers facilities management and sustainability: definitions and overlap, what the official bodies say, quantifying the risk, best practice, and a set of questions on the module. | ||
| 590 | _aKA | ||
| 651 | 4 | _aUnited Kingdom | |
| 690 |
_aFacilities management _96240 |
||
| 690 |
_aProperty management _96262 |
||
| 690 |
_aSustainability _96271 |
||
| 942 | _n0 | ||
| 999 |
_c83870 _d83870 |
||